000 00950nam a2200253 i 4500
001 63830
003 ES-MaACL
005 20250718042046.0
007 t|
008 031217s1901 sp |||| | spa d
080 _a37(460)"18"(094)
080 _a372.07
100 1 _aRomanones, Álvaro de Figueroa y Torres,
_cConde de,
_d1863-1950
_999264
245 1 0 _aDiscurso leído en la Universidad Central en la inauguración del curso académico de 1901 a 1902 /
_cpor el ministro de Instrucción Pública y Bellas Artes Excmo. Sr. Conde de Romanones.
260 _aMadrid :
_b[s.n.],
_c1901 (
_fM. Romero, imp.)
300 _a72 p. ;
_c27 cm.
594 _aTema: Reforma educativa.
650 4 _aEnseñanza-
_zEspaña-
_yS.XIX
_912286
710 2 _aUniversidad Central (Madrid)
_97084
852 _aES-MaACL
_jL-4914 (22-4)
_z- Donativo Roda
852 _aES-MaACL
_jT-1020-F-1
852 _aES-MaACL
_j2285-F-9
999 _c63830
_d63830